UBT Library

McGraw-Hill encyclopedia of science & technology. (Record no. 39300)

000 -LEADER
fixed length control field 00871cam a2200265 a 4500
001 - CONTROL NUMBER
control field 14732000
005 - DATE AND TIME OF LATEST TRANSACTION
control field 20171222034501.0
008 - FIXED-LENGTH DATA ELEMENTS--GENERAL INFORMATION
fixed length control field 070212s2007 nyuab be 001 0 eng
010 ## - LIBRARY OF CONGRESS CONTROL NUMBER
LC control number 2007006137
020 ## - INTERNATIONAL STANDARD BOOK NUMBER
International Standard Book Number 9780071441438 (alk. paper)
040 ## - CATALOGING SOURCE
Original cataloging agency DLC
Transcribing agency DLC
Modifying agency DLC
041 ## - LANGUAGE CODE
Language code of text/sound track or separate title eng
080 ## - UNIVERSAL DECIMAL CLASSIFICATION NUMBER
Universal Decimal Classification number R 503 MHE
082 00 - DEWEY DECIMAL CLASSIFICATION NUMBER
Classification number R 503 MHE
Edition number 22
100 ## - Rafti
Rafti 26
101 ## - Shkurtesa
Shkurtesa ENC
245 00 - TITLE STATEMENT
Title McGraw-Hill encyclopedia of science & technology.
246 30 - VARYING FORM OF TITLE
Title proper/short title Encyclopedia of science & technology
246 3# - VARYING FORM OF TITLE
Title proper/short title McGraw-Hill encyclopedia of science and technology
246 3# - VARYING FORM OF TITLE
Title proper/short title Encyclopedia of science and technology
504 ## - BIBLIOGRAPHY, ETC. NOTE
Bibliography, etc Includes bibliographical references and index.
906 ## - LOCAL DATA ELEMENT F, LDF (RLIN)
a 7
b cbc
c orignew
d 1
e ecip
f 20
g y-gencatlg
942 ## - ADDED ENTRY ELEMENTS (KOHA)
Source of classification or shelving scheme
Item type Books
Holdings
Withdrawn status Lost status Source of classification or shelving scheme Damaged status Not for loan Collection code Permanent location Current location Shelving location Date acquired Total Checkouts Full call number Barcode Date last seen Price effective from Koha item type
          Koleksioni i përgjithshem UBT - Lipjan UBT - Lipjan Koleksioni i përgjithshem 12/22/2017   R 503 MHE 002-2939806 12/22/2017 12/22/2017 Books
            UBT - Lipjan UBT - Lipjan   12/22/2017   R 503 MHE   12/22/2017 12/22/2017 Reference
UBT Library © 2015-2024. All rights reserved University Education for Business and Technology